000 00527nam a22001697a 4500
005 20240108095058.0
008 220209b ||||| |||| 00| 0 eng d
020 _a978-93-86943-50-5
041 _aeng
082 _a612
100 _aUSMAN, DR. MD. RAGEEB AND, SHIRSAT Dr .MRUNAL K. , DWIVEDI , Dr. JAYESH AND SHAIKH Dr. MOHAMME ZUBER
_98267
245 _aA PRACTICAL BOOK OF HUMAN ANATOMY AND PHYSIOLOGY-II [SEM-II]
260 _aPUNE
_bNIRALI PRAKASHAN
300 _a150;p
650 _aPHARMACY
_xB.PHARMA
942 _cBK
999 _c7876
_d7874